01334nam a22002297a 4500003000400000020001800004082001400022100001800036245005400054250000800108260005200116300001000168650001800178942001500196952014000211952014000351952014000491952015200631952015200783952015200935999001701087SGT a9789388902755 a611bH19C aBd Chaurasia  aBd Chaurasias Human Anatomy:- Brain Neuroanatomy a4TH aNEW DELHI bCbs Publishers & Distributorsc2019 a1-200 aHuman Anatomy 2ddccBK07 00102ddc4070aFDbFDcTXTd2021-03-05eAHUJA BOOK COMPANY h4iSGTUl0o611 H19CpFD8288r2021-03-05 00:00:00w2021-01-27yBKk12616 00102ddc4070aFDbFDcTXTd2021-03-05eAHUJA BOOK COMPANY h4iSGTUl0o611 H19CpFD8289r2021-03-05 00:00:00w2021-01-27yBKk12616 00102ddc4070aFDbFDcTXTd2021-03-05eAHUJA BOOK COMPANY h4iSGTUl0o611 H19CpFD8290r2021-03-05 00:00:00w2021-01-27yBKk12616 00102ddc4070aFDbFDcTXTd2021-03-05eAHUJA BOOK COMPANY h4iSGTUl6o611 H19CpFD8291r2024-06-21 00:00:00s2024-06-21w2021-01-27yBKk12616 00102ddc4070aFDbFDcTXTd2021-03-05eAHUJA BOOK COMPANY h4iSGTUl1o611 H19CpFD8292r2025-07-30 00:00:00s2025-07-30w2021-01-27yBKk12616 00102ddc4070aFDbFDcTXTd2021-03-05eAHUJA BOOK COMPANY h4iSGTUl2o611 H19CpFD8293r2025-05-19 00:00:00s2025-05-01w2021-01-27yBKk12616 c20906d20906